Normal view
MARC view
Entry Personal Name
001 - CONTROL NUMBER
- control field: 11900
003 - CONTROL NUMBER IDENTIFIER
- control field: BD-RjUL
005 - DATE AND TIME OF LATEST TRANSACTION
- control field: 20240225124358.0
008 - FIXED-LENGTH DATA ELEMENTS
- fixed length control field: 240225|| aca||aabn | a|a d
040 ## - CATALOGING SOURCE
- Original cataloging agency: BD-RjUL
- Transcribing agency: BD-RjUL
100 ## - HEADING--PERSONAL NAME
- Personal name: Rashid, Khwaja Abdul, رشيد،خ. ا.
- Dates associated with a name: 1912-
670 ## - SOURCE DATA FOUND
- Source citation: Work cat.: (BD-RjUL)83152: Rashid, K. A. (Khwaja Abdul), 1912- 11896, تذكره شعراى پنجاب / =Taz̲kirah-i shuʻarā-yi Panjāb= Tadhkira Shu'ra-i punjab , 1346 [1967]